[Event "Asia-ch U20"]
[Site "New Delhi"]
[Date "2016.05.08"]
[Round "6"]
[White "Pranavananda, V."]
[Black "Karthikeyan, Murali"]
[Result "0-1"]
[WhiteElo "2308"]
[BlackElo "2518"]
[PlyCount "100"]
[EventDate "2016.05.04"]
[EventType "swiss"]
[EventRounds "9"]
[EventCountry "IND"]
[SourceTitle "CBM 172 Extra"]
[Source "ChessBase"]
[SourceDate "2016.06.21"]
[SourceVersion "1"]
[SourceVersionDate "2016.06.21"]
[SourceQuality "1"]

1. d4 Nf6 2. c4 g6 3. Nf3 Bg7 4. e3 0-0 5. Be2 d6 6. 0-0 Nbd7 7. Nc3 e5 8. Qc2 Re8 9. b3 e4 10. Nd2 Qe7 11. Ba3 c6 12. Rae1 Nf8 13. h3 h5 14. f3 exf3 15. Bxf3 N8h7 16. e4 Qd8 17. Bd1 Nd7 18. Nf3 Ng5 19. Qd2 Nxf3+ 20. Bxf3 Nf8 21. Rd1 Ne6 22. Ne2 Ng5 23. Qf4 Bxh3 24. Bxd6 Nxf3+ 25. Rxf3 Bg4 26. Qxf7+ Kh7 27. e5 Bxf3 28. Qxf3 c5 29. Qxb7 cxd4 30. Nxd4 Qb6 31. Qf7 Rf8 32. Bxf8 Rxf8 33. Qe6 Rd8 34. Qxb6 axb6 35. Rd2 Bh6 36. Re2 Rxd4 37. e6 Rd8 38. Kf2 Bg5 39. Kf3 Kg7 40. e7 Re8 41. Re6 Rxe7 42. Rxb6 Re3+ 43. Kf2 Rc3 44. Rb7+ Kf6 45. a4 Kf5 46. a5 Ke4 47. a6 Be3+ 48. Ke2 Rc2+ 49. Kd1 Ra2 50. a7 Ke5 0-1

[Event "Asia-ch U20"]
[Site "New Delhi"]
[Date "2016.05.06"]
[Round "4"]
[White "Mosadeghpour, Masoud"]
[Black "Pranavananda, V."]
[Result "1-0"]
[WhiteElo "2481"]
[BlackElo "2308"]
[PlyCount "65"]
[EventDate "2016.05.04"]
[EventType "swiss"]
[EventRounds "9"]
[EventCountry "IND"]
[SourceTitle "CBM 172 Extra"]
[Source "ChessBase"]
[SourceDate "2016.06.21"]
[SourceVersion "1"]
[SourceVersionDate "2016.06.21"]
[SourceQuality "1"]

1. Nf3 d5 2. g3 Bg4 3. Bg2 c6 4. 0-0 Nd7 5. h3 Bh5 6. d4 Ngf6 7. c4 e6 8. cxd5 cxd5 9. Bf4 Be7 10. Nc3 0-0 11. Rc1 Qa5 12. Nd2 b5 13. Nb3 Qb6 14. Qd3 a6 15. g4 Bg6 16. Qg3 Rac8 17. h4 b4 18. Na4 Qb5 19. Nac5 Nxc5 20. Nxc5 Qxe2 21. h5 Bxh5 22. Bf3 Qxb2 23. gxh5 Qxd4 24. h6 g6 25. Be3 Qb2 26. Qh4 Qe5 27. Nxa6 Qf5 28. Bg2 Ra8 29. Rc6 Rfc8 30. Nc7 Bd8 31. Rfc1 Ne8 32. Nxa8 Rxa8 33. Qxb4 1-0

[Event "Asia-ch U20"]
[Site "New Delhi"]
[Date "2016.05.05"]
[Round "2"]
[White "Charan, Krishn"]
[Black "Pranavananda, V."]
[Result "0-1"]
[WhiteElo "1380"]
[BlackElo "2308"]
[PlyCount "66"]
[EventDate "2016.05.04"]
[EventType "swiss"]
[EventRounds "9"]
[EventCountry "IND"]
[SourceTitle "CBM 172 Extra"]
[Source "ChessBase"]
[SourceDate "2016.06.21"]
[SourceVersion "1"]
[SourceVersionDate "2016.06.21"]
[SourceQuality "1"]

1. d4 c5 2. c3 Nf6 3. Nf3 e6 4. Bg5 d5 5. Bxf6 Qxf6 6. e3 Nc6 7. Be2 Bd6 8. Nbd2 0-0 9. 0-0 Qh6 10. dxc5 Bxc5 11. e4 dxe4 12. Nxe4 Be7 13. Qc1 Qg6 14. Bd3 f5 15. Ng3 e5 16. Bc4+ Kh8 17. Bd5 e4 18. Bxc6 bxc6 19. Nd4 f4 20. Nge2 Bh3 21. g3 Bxf1 22. Qxf1 c5 23. Nb5 f3 24. Nc1 e3 25. Qc4 exf2+ 26. Kf1 Qh6 27. h4 Qd2 28. Nb3 Qd7 29. Kxf2 Qh3 30. Qf1 Qh2+ 31. Ke3 Qc2 32. Qf2 Bg5+ 33. hxg5 Rae8# 0-1

[Event "IND-ch U17"]
[Site "Bengaluru"]
[Date "2015.10.10"]
[Round "10"]
[White "Muthaiah, Al"]
[Black "Pranavananda, V."]
[Result "1-0"]
[WhiteElo "2316"]
[BlackElo "2174"]
[PlyCount "80"]
[EventDate "2015.10.03"]
[EventType "swiss"]
[EventRounds "11"]
[EventCountry "IND"]
[SourceTitle "CBM 168 Extra"]
[Source "ChessBase"]
[SourceDate "2015.10.29"]
[SourceVersion "1"]
[SourceVersionDate "2015.10.29"]
[SourceQuality "1"]

1. Nf3 c5 2. c4 g6 3. g3 Bg7 4. Bg2 Nc6 5. Nc3 d6 6. 0-0 Bf5 7. d3 Qd7 8. a3 Bh3 9. Rb1 h5 10. Bxh3 Qxh3 11. Nd5 Qd7 12. h4 e6 13. Nf4 Nge7 14. b4 0-0 15. e4 b6 16. Kg2 Rad8 17. Ng5 Nd4 18. Bb2 e5 19. Bxd4 cxd4 20. Nd5 f6 21. Nxe7+ Qxe7 22. Nh3 f5 23. exf5 Rxf5 24. Ng5 b5 25. Ne4 bxc4 26. dxc4 Qf7 27. Qd3 Bh6 28. c5 dxc5 29. bxc5 Rf8 30. Qb3 Kh8 31. c6 Qxb3 32. Rxb3 Rc8 33. Nd6 Rxc6 34. Nxf5 gxf5 35. Rb7 d3 36. Rd7 d2 37. Rb1 Rc8 38. Rbb7 a5 39. Rd6 Kg8 40. Rg6+ Kf8 1-0

[Event "IND-ch U17"]
[Site "Bengaluru"]
[Date "2015.10.07"]
[Round "7"]
[White "Pranavananda, V."]
[Black "Krishna Teja, N."]
[Result "1-0"]
[WhiteElo "2174"]
[BlackElo "2313"]
[PlyCount "83"]
[EventDate "2015.10.03"]
[EventType "swiss"]
[EventRounds "11"]
[EventCountry "IND"]
[SourceTitle "CBM 168 Extra"]
[Source "ChessBase"]
[SourceDate "2015.10.29"]
[SourceVersion "1"]
[SourceVersionDate "2015.10.29"]
[SourceQuality "1"]

1. d4 e6 2. c4 f5 3. Nc3 Nf6 4. Qc2 b6 5. e3 Bb7 6. f3 c5 7. d5 g6 8. e4 fxe4 9. Bg5 Be7 10. Bh6 exd5 11. cxd5 Nxd5 12. Qxe4 Nb4 13. Qe5 Rg8 14. Ne4 Bxe4 15. Qxe4 N8c6 16. a3 d5 17. Qe6 Nc2+ 18. Kf2 Nxa1 19. Bb5 Rc8 20. Qxg8+ Kd7 21. Qxd5+ Bd6 22. Bf4 Qh4+ 23. g3 Qf6 24. Ne2 g5 25. Bxd6 Qxd6 26. Bxc6+ Rxc6 27. Qxd6+ Rxd6 28. Rxa1 Rd2 29. Rb1 c4 30. Ke3 Rd3+ 31. Kf2 Kc6 32. Rc1 Kd5 33. Nc3+ Kd4 34. Rd1 Rxd1 35. Nxd1 Kd3 36. f4 gxf4 37. gxf4 Ke4 38. Kg3 h5 39. Nc3+ Kf5 40. Kf3 a6 41. Nd5 b5 42. Nc7 1-0

[Event "IND-ch U17"]
[Site "Bengaluru"]
[Date "2015.10.06"]
[Round "6"]
[White "Rajdeep, Sarkar"]
[Black "Pranavananda, V."]
[Result "1/2-1/2"]
[WhiteElo "2233"]
[BlackElo "2174"]
[PlyCount "87"]
[EventDate "2015.10.03"]
[EventType "swiss"]
[EventRounds "11"]
[EventCountry "IND"]
[SourceTitle "CBM 168 Extra"]
[Source "ChessBase"]
[SourceDate "2015.10.29"]
[SourceVersion "1"]
[SourceVersionDate "2015.10.29"]
[SourceQuality "1"]

1. d4 b6 2. Nf3 Bb7 3. g3 e6 4. Bg2 c5 5. 0-0 Nf6 6. c4 cxd4 7. Nxd4 Bxg2 8. Kxg2 Be7 9. b3 Nc6 10. Nc3 0-0 11. Bb2 Qb8 12. e3 Rd8 13. Nxc6 dxc6 14. Qe2 Nd7 15. Rad1 Bf6 16. Rd2 Qc7 17. Na4 Bxb2 18. Nxb2 Ne5 19. Rfd1 c5 20. f4 Nc6 21. Na4 Rxd2 22. Rxd2 Rd8 23. Nc3 h6 24. Rxd8+ Nxd8 25. Qd1 a6 26. Kf2 Nb7 27. Qf3 Qd7 28. Qd1 Qe7 29. Qf3 Qd7 30. Qd1 Qc8 31. e4 Qc6 32. e5 b5 33. Qf3 Qb6 34. Qe2 bxc4 35. Na4 Qb4 36. Qxc4 Qd2+ 37. Qe2 Qd4+ 38. Kg2 Qd5+ 39. Kh3 Qc6 40. Qg2 Qb5 41. Qc2 Qf1+ 42. Qg2 Qb5 43. Qc2 Qf1+ 44. Qg2 1/2-1/2

[Event "IND-ch U17"]
[Site "Bengaluru"]
[Date "2015.10.04"]
[Round "3"]
[White "Pranavananda, V."]
[Black "Karthik, Venkataraman"]
[Result "1/2-1/2"]
[WhiteElo "2174"]
[BlackElo "2264"]
[PlyCount "40"]
[EventDate "2015.10.03"]
[EventType "swiss"]
[EventRounds "11"]
[EventCountry "IND"]
[SourceTitle "CBM 168 Extra"]
[Source "ChessBase"]
[SourceDate "2015.10.29"]
[SourceVersion "1"]
[SourceVersionDate "2015.10.29"]
[SourceQuality "1"]

1. Nf3 Nf6 2. g3 g6 3. Bg2 Bg7 4. 0-0 0-0 5. d4 d5 6. c4 c6 7. Qb3 Qb6 8. Nc3 Rd8 9. c5 Qxb3 10. axb3 Na6 11. Bf4 Bf5 12. h3 h6 13. h4 Nh5 14. Bd2 Nf6 15. Bf4 Nh5 16. Bd2 Nf6 17. Bf4 Kh7 18. Rfc1 Nh5 19. Bd2 Nf6 20. Bf4 Kg8 1/2-1/2

[Event "IND-ch U19"]
[Site "Dindigul"]
[Date "2015.07.28"]
[Round "8"]
[White "Pranavananda, V."]
[Black "Harsha, Bharathakoti"]
[Result "0-1"]
[WhiteElo "2246"]
[BlackElo "2368"]
[PlyCount "72"]
[EventDate "2015.07.23"]
[EventType "swiss"]
[EventRounds "11"]
[EventCountry "IND"]
[SourceTitle "EXT 2016"]
[Source "ChessBase"]
[SourceDate "2015.10.08"]
[SourceVersion "1"]
[SourceVersionDate "2015.10.08"]
[SourceQuality "1"]

1. d4 d5 2. Nf3 Nf6 3. c4 c6 4. Qc2 dxc4 5. e4 Bg4 6. Bxc4 Nbd7 7. Nc3 e6 8. Be3 Be7 9. Be2 0-0 10. h3 Bxf3 11. gxf3 c5 12. d5 exd5 13. exd5 c4 14. 0-0-0 Bb4 15. Rhg1 Re8 16. d6 Rc8 17. Bh6 g6 18. f4 Bxc3 19. bxc3 Ne4 20. f3 Nf2 21. f5 Nd3+ 22. Bxd3 cxd3 23. Rxd3 Qa5 24. fxg6 hxg6 25. Re3 Qa3+ 26. Kb1 Qxd6 27. Rxe8+ Rxe8 28. Rd1 Qe6 29. h4 Nf6 30. Qd3 Rc8 31. Qd4 Kh7 32. Bg5 Rc6 33. Bc1 Qf5+ 34. Rd3 Rc5 35. c4 b5 36. Ka1 Rxc4 0-1

[Event "IND-ch U19"]
[Site "Dindigul"]
[Date "2015.07.27"]
[Round "7"]
[White "Ganesh, R."]
[Black "Pranavananda, V."]
[Result "1/2-1/2"]
[WhiteElo "2139"]
[BlackElo "2246"]
[PlyCount "125"]
[EventDate "2015.07.23"]
[EventType "swiss"]
[EventRounds "11"]
[EventCountry "IND"]
[SourceTitle "EXT 2016"]
[Source "ChessBase"]
[SourceDate "2015.10.08"]
[SourceVersion "1"]
[SourceVersionDate "2015.10.08"]
[SourceQuality "1"]

1. d4 g6 2. c4 Bg7 3. Nc3 c5 4. d5 Bxc3+ 5. bxc3 f5 6. Qa4 Nf6 7. Nh3 Qb6 8. g3 Qa6 9. Qxa6 Nxa6 10. f3 d6 11. Nf2 e5 12. e4 fxe4 13. fxe4 0-0 14. Bh6 Rf7 15. Be2 Bd7 16. a4 Kh8 17. 0-0 Ng8 18. Be3 Raf8 19. Rfb1 Bc8 20. a5 Kg7 21. Kg2 Nf6 22. Rb2 Nh5 23. Kg1 Nf6 24. Rab1 h6 25. Kg2 g5 26. h3 h5 27. Bxg5 Kg6 28. Be3 Nh7 29. Rf1 Nc7 30. Rbb1 Ne8 31. g4 hxg4 32. Nxg4 Rxf1 33. Bxf1 Ng5 34. Be2 Rh8 35. Nf2 Nxh3 36. Rh1 Nf4+ 37. Bxf4 Rxh1 38. Kxh1 exf4 39. Nd3 Kg5 40. Kg2 b6 41. axb6 axb6 42. e5 Ba6 43. e6 Bxc4 44. Nxf4 Bxe2 45. Nxe2 b5 46. Kf3 Nf6 47. c4 bxc4 48. Nc3 Kf5 49. Ke3 Ke5 50. Kd2 Kd4 51. Kc2 Ke5 52. Kd2 Nxd5 53. Nxd5 Kxe6 54. Nc7+ Ke5 55. Kc3 d5 56. Nb5 Ke4 57. Nd6+ Ke3 58. Nxc4+ Ke2 59. Nb2 Ke3 60. Nd3 c4 61. Nb2 Ke4 62. Nxc4 dxc4 63. Kxc4 1/2-1/2

[Event "IND-ch U19"]
[Site "Dindigul"]
[Date "2015.07.25"]
[Round "4"]
[White "Pranavananda, V."]
[Black "Gajwa, Ankit"]
[Result "0-1"]
[WhiteElo "2246"]
[BlackElo "2107"]
[PlyCount "64"]
[EventDate "2015.07.23"]
[EventType "swiss"]
[EventRounds "11"]
[EventCountry "IND"]
[SourceTitle "EXT 2016"]
[Source "ChessBase"]
[SourceDate "2015.10.08"]
[SourceVersion "1"]
[SourceVersionDate "2015.10.08"]
[SourceQuality "1"]

1. e4 e5 2. Bc4 Nf6 3. d3 c6 4. Nf3 d5 5. exd5 cxd5 6. Bb3 Bb4+ 7. Bd2 Bxd2+ 8. Qxd2 Nc6 9. 0-0 0-0 10. Re1 Qd6 11. h3 h6 12. Nc3 a6 13. d4 e4 14. Ne5 Be6 15. Nxc6 Qxc6 16. Qf4 Rad8 17. f3 exf3 18. Qxf3 Ne4 19. Nxe4 dxe4 20. Qxe4 Qxe4 21. Rxe4 Bxb3 22. axb3 f5 23. Re7 Rxd4 24. Rxb7 Re8 25. Rxa6 Rd1+ 26. Kh2 f4 27. Ra4 Rf1 28. Rbb4 Rf8 29. Rc4 h5 30. h4 f3 31. Rf4 Rxf4 32. Rxf4 fxg2 0-1

[Event "Moscow Dvorkovich Cup U16 10th"]
[Site "Moscow"]
[Date "2015.06.27"]
[Round "5.9"]
[White "Shahaliyev, Ismayil Bahram"]
[Black "Pranavananda, V."]
[Result "1-0"]
[WhiteElo "2368"]
[BlackElo "2246"]
[PlyCount "217"]
[EventDate "2015.06.23"]
[EventType "team-tourn"]
[EventRounds "7"]
[EventCountry "RUS"]
[SourceTitle "CBM 167 Extra"]
[Source "ChessBase"]
[SourceDate "2015.09.14"]
[SourceVersion "1"]
[SourceVersionDate "2015.09.14"]
[SourceQuality "1"]
[WhiteTeam "Azerbaijan (U16)"]
[BlackTeam "India (U16)"]
[WhiteTeamCountry "AZE"]
[BlackTeamCountry "IND"]

1. e4 c5 2. Nf3 e6 3. d4 cxd4 4. Nxd4 Nc6 5. Nc3 Nf6 6. Ndb5 Bb4 7. a3 Bxc3+ 8. Nxc3 d5 9. exd5 exd5 10. Bd3 d4 11. Qe2+ Be6 12. Ne4 Nxe4 13. Qxe4 Qd5 14. Bf4 Rd8 15. Qxd5 Bxd5 16. Kd2 f6 17. f3 Kf7 18. h4 h5 19. Rhe1 Rhe8 20. Bb5 Re6 21. Rxe6 Bxe6 22. Re1 Rc8 23. Bd3 Rd8 24. Bg3 Rd7 25. Bg6+ Kxg6 26. Rxe6 Kf7 27. Re4 f5 28. Re1 b5 29. Kd3 Rd5 30. Bf4 g6 31. Re2 a6 32. Re1 Rd7 33. Ra1 Rb7 34. b3 a5 35. a4 Ke6 36. axb5 Rxb5 37. Kc4 Rb7 38. Re1+ Kd7 39. Bd2 Nb4 40. Rc1 Rc7+ 41. Kxd4 Nxc2+ 42. Ke5 Rc6 43. Kf4 Ke6 44. Bxa5 Nd4 45. Rxc6+ Nxc6 46. Bb6 Ne7 47. Kg5 Kf7 48. Bc5 Nd5 49. b4 Nc7 50. Bd6 Ne6+ 51. Kh6 Nd4 52. Be5 Nc6 53. Bc3 Na7 54. Kg5 Nb5 55. Be5 Na7 56. Bd6 Nb5 57. Be5 Na7 58. Ba1 Nb5 59. Bb2 Nc7 60. Kh6 Nb5 61. Bc1 Nd4 62. Bd2 Nb5 63. Kg5 Nc7 64. Kf4 Ke6 65. g3 Nb5 66. Be3 Nc7 67. Bc5 Nb5 68. Bb6 Nc3 69. Ba7 Nb5 70. Bb8 Na3 71. Kg5 Kf7 72. g4 fxg4 73. fxg4 hxg4 74. Kxg4 Nb5 75. Be5 Na7 76. Kf4 Ke6 77. Ke4 Nb5 78. Bb8 Na3 79. Bg3 Nb5 80. Bf4 Nc3+ 81. Kd4 Ne2+ 82. Ke3 Nc3 83. Kd3 Nd5 84. Bd2 Ne7 85. Kc4 Nf5 86. Bg5 Kd6 87. b5 Kc7 88. Kc5 Kb7 89. Bd8 Nh6 90. Bf6 Nf5 91. Bg5 Ng3 92. Be3 Nf5 93. Bf2 Nh6 94. Bg3 Nf5 95. Be1 Nh6 96. Bf2 Nf5 97. Kd5 Nh6 98. Ke4 Nf7 99. Bc5 Kc7 100. Bf8 Kd7 101. Kd5 Kc7 102. Ke6 Nd8+ 103. Kf6 Kb6 104. Kxg6 Kxb5 105. Kf6 Kc6 106. h5 Kd7 107. h6 Ke8 108. h7 Nf7 109. Bg7 1-0